FIFA 23 Shapeshifters - Statistics

General Stats
  • This quiz has been taken 69 times
    56 since last reset
  • The average score is 28 of 78
Answer Stats
rat pos club player % Correct
Shapeshifters Team 1 98 CDM Liverpool Virgil van Dijk
82%
Season 7 Level 10 Reward 92 ST Chelsea Thiago Silva
70%
Season 7 Level 30 Reward 97 CDM Real Madrid Toni Kroos
70%
Shapeshifters Team 1 97 LW Manchester United Bruno Fernandes
64%
Shapeshifters Team 1 Icon 99 LW Brazil Pelé
64%
Shapeshifters Team 2 Icon 94 ST Czech Republic Petr Čech
64%
Shapeshifters Team 3 94 GK Manchester City Kyle Walker
58%
Shapeshifters Team 1 96 ST Real Madrid Antonio Rüdiger
55%
Shapeshifters Team 2 94 ST Bayern Munich Manuel Neuer
55%
Shapeshifters Team 2 96 CDM FC Barcelona Frenkie de Jong
52%
Shapeshifters Team 2 Icon 96 LW/RW Cameroon Samuel Eto'o
52%
Shapeshifters Team 2 93 CB AC Milan Olivier Giroud
48%
Shapeshifters Team 1 94 CB Union Berlin Sheraldo Becker
48%
Shapeshifters Team 2 93 RB Crystal Palace Wilfried Zaha
48%
Shapeshifters Team 3 SBC 92 GK Bayer Leverkusen Edmond Tapsoba
45%
Shapeshifters Team 2 SBC 93 CB Aston Villa Emiliano Martínez
45%
Shapeshifters Team 1 96 CM Atlético Madrid Memphis Depay
45%
Shapeshifters Team 3 92 CB Olympique Lyonnais Moussa Dembélé
45%
Shapeshifters Team 2 97 CAM FC Barcelona Ousmane Dembélé
45%
Shapeshifters Team 1 Icon 96 CAM/RW Netherlands Robin van Persie
45%
Shapeshifters Team 3 Icon 98 RW France Thierry Henry
45%
Shapeshifters Team 2 Icon 95 CAM/CB France Emmanuel Petit
42%
Shapeshifters Team 2 Icon 98 ST Brazil Garrincha
42%
Shapeshifters Team 3 95 ST Manchester United Harry Maguire
42%
Shapeshifters Team 3 SBC 94 RW Manchester United Lisandro Martínez
42%
Shapeshifters Team 2 94 RW Tottenham Hotspur Richarlison
42%
Shapeshifters Team 1 Icon 92 LB/RB Spain Fernando Hierro
39%
End of an Era SBC 96 CDM Chelsea N'Golo Kanté
39%
Shapeshifters Team 3 97 ST Juventus Paul Pogba
39%
Shapeshifters Team 1 Icon 95 CM Brazil Socrates
39%
Shapeshifters Team 2 97 CM Manchester United Anthony Martial
36%
Shapeshifters Team 2 SBC 93 CB Parma Gianluigi Buffon
36%
Shapeshifters Team 3 96 CAM Chelsea João Félix
36%
Shapeshifters Team 2 Mini Release 92 CM Borussia Dortmund Karim Adeyemi
36%
Shapeshifters Team 1 95 ST Manchester City Riyad Mahrez
36%
Shapeshifters Team 2 SBC 93 CM Torino Vanja Miliković-Savić
36%
Shapeshifters Team 1 SBC 94 ST Paris Saint-Germain Vitinha
36%
Shapeshifters Team 1 OBJ 93 CB Fulham Aleksandar Mitrović
33%
Shapeshifters Team 1 SBC 95 CAM Bayern Munich Dayot Upamecano
33%
Shapeshifters Team 3 OBJ 93 RB FC Barcelona Gavi
33%
Shapeshifters Team 1 OBJ 94 LW Aarhus Gymnastikforening Gift Links
33%
Shapeshifters Team 2 SBC 93 CDM RB Leipzig Joško Gvardiol
33%
Shapeshifters Team 2 Icon 92 LB Argentina Juan Román Riquelme
33%
Shapeshifters Team 3 Icon 95 ST/CM Portugal Luís Figo
33%
Shapeshifters Team 1 94 RM RC Lens Przemysław Frankowski
33%
Shapeshifters Team 1 Icon 95 ST Netherlands Frank Rijkaard
30%
Flashback SBC 94 CM Sevilla Marcos Acuña
30%
Shapeshifters Team 1 SBC 94 LW US Lecce Samuel Umtiti
30%
Shapeshifters Team 1 SBC 91 LB PSV Eindhoven Thorgan Hazard
30%
Shapeshifters Team 3 SBC 94 ST Liverpool Trent Alexander-Arnold
30%
Shapeshifters Team 3 Icon 97 CB Germany Bastien Schweinsteiger
27%
Shapeshifters Team 2 Icon 95 CDM Netherlands Clarence Seedorf
27%
Shapeshifters Team 2 Mini Release 92 LM Olympique Lyonnais Corentin Tolisso
27%
Shapeshifters Team 1 91 CAM Ajax Edson Álvarez
27%
Shapeshifters Team 3 OBJ 93 LB Real Madrid Eduardo Camavinga
27%
Shapeshifters Team 2 Mini Release 93 CB US Salernitana Guillermo Ochoa
27%
Shapeshifters Team 3 96 CM Tottenham Hotspur Hugo Lloris
27%
Shapeshifters Team 2 91 GK RCD Espanyol Leandro Cabrera
27%
Premium Shapeshifters 94 RW Eintracht Frankfurt Mario Götze
27%
Shapeshifters Team 3 93 CF OGC Nice Nicolas Pépé
27%
Shapeshifters Team 1 92 RB Bologna Riccardo Orsolini
27%
Shapeshifters Team 3 Icon 92 LW England Sol Campbell
27%
Shapeshifters Team 1 Icon 94 CM Italy Gianluca Zambrotta
24%
Shapeshifters Team 2 OBJ 92 ST Villarreal Pepe Reina
24%
Shapeshifters Team 3 Icon 95 CAM Italy Gianfranco Zola
21%
Shapeshifters Team 1 92 LB Olympique Lyonnais Karl Toko Ekambi
21%
Shapeshifters Team 3 95 LB RB Leipzig Lukas Klostermann
21%
Shapeshifters Team 2 OBJ 93 CB Marseille Matteo Guendouzi
21%
Shapeshifters Team 1 OBJ 92 RB Lille OSC Jonathan Bamba
18%
Shapeshifters Team 3 Icon 93 LB/RB Germany Michael Ballack
18%
Shapeshifters Team 1 SBC 93 CB Real Sociedad Alexander Sørloth
15%
Shapeshifters Team 3 SBC 93 CB Southampton Paul Onuachu
15%
Shapeshifters Team 3 OBJ 93 LB FC Utrecht Taylor Booth
15%
Shapeshifters Team 2 OBJ 93 RW Real Betis Claudio Bravo
12%
Shapeshifters Team 2 OBJ 94 CAM ESTAC Troyes Levi Lukema
12%
Shapeshifters Team 3 91 LW Sevilla Youssef En-Nesyri
12%
Shapeshifters Team 3 94 RB Union Berlin Jérôme Roussillon
9%
Shapeshifters Team 3 SBC 93 CB Sparta Rotterdam Tobias Lauritsen
3%
No matching quizzes found
Score Distribution
Percent of People with Each Score
Percentile by Number Answered
Your Score History
You have not taken this quiz since the last reset